Statistics for Talia King Princess

Click here to take the quiz!

General Stats

  • This quiz has been taken 7 times
  • The average score is 293 of 316

Answer Stats

Answer% Correct
a
100%
ago
100%
at
100%
away
100%
bed
100%
broke
100%
buried
100%
can
100%
down
100%
drink
100%
enough
100%
foot
100%
for
100%
heart
100%
Hey
100%
hey
100%
i
100%
I
100%
If
100%
if
100%
i'm
100%
I'm
100%
lay
100%
lipstick
100%
love
100%
me
100%
month
100%
my
100%
next
100%
of
100%
on
100%
or
100%
see
100%
supposed
100%
swear
100%
taste
100%
that
100%
the
100%
there
100%
think
100%
thinking
100%
time
100%
to
100%
two
100%
waiting
100%
wasting
100%
you
100%
your
100%
you're
100%
all
75%
anyway
75%
but
75%
come
75%
dancing
75%
drinks
75%
dug
75%
floor
75%
four
75%
friends
75%
graves
75%
happy
75%
head
75%
home
75%
hope
75%
hundred
75%
in
75%
it's
75%
keep
75%
know
75%
now
75%
out
75%
standing
75%
Talia
75%
this
75%
thousand
75%
times
75%
took
75%
up
75%
wake
75%
walked
75%
wasted
75%
will
75%
wouldn't
75%
you've
75%
and
50%
bestest
50%
left
50%
mess
50%
when
50%
us
25%
call
0%
mytime
0%

Score Distribution

Percentile by Number Answered

Percent of People with Each Score

Your Score History

You have not taken this quiz